LEADER 01129nam a2200265 i 4500 001 000000158156 003 CaOOAMICUS 005 20070130000000.0 008 070130s1984 it u000 u ita u 013 $a135519 040 $aSeMil$bita 100 1 $aGribbin, John,$d<1946- >.$0(OLS)http://semarc/name/41262 245 10$aSorella scimmia :$bl'enigma dell'origine dell'uomo /$cJohn Gribbin, Jeremy Cherfas. 260 $aMilano :$bArnoldo Mondadori Editore,$cCopyr. 1984. 300 $aXXI, 324 p., [16] p. di tav. :$bill. ;$c21 cm. 490 0 $aSaggi 650 4$aUomo - Evoluzione.$0(OLS)http://semarc/subject/4575 650 4$aEvoluzionismo.$0(OLS)http://semarc/subject/3892 700 1 $aCherfas, Jeremy.$0(OLS)http://semarc/name/41263 830 0$aSaggi.$0(OLS)http://semarc/title/341 850 $aSeMil 852 $aSeMil$W1$xVenegono$y1$m3X II 141$j109822$B109822$CSeMilBibl$Z2$F121127 $81 961 $aOmaggio: Altro 996 $6245$aSorella scimmia :$bl'enigma dell'origine dell'uomo$9(OLS)http://semarc/title/139407 996 $6260$aMilano :$bArnoldo Mondadori Editore$9(OLS)http://semarc/publisher/30056 LEADER 01160nam a2200253 i 4500 001 000000063373 003 CaOOAMICUS 005 20130604000000.0 008 130604s1960 xx u000 u fre u 013 $a34545 040 $aSeMil$bita 100 1 $aVooght, Paul : de.$0(OLS)http://semarc/name/23369 245 10$aHussiana /$cpar Paul de Vooght. 260 $aLouvain :$bPublications Universitaires de Louvain,$c1960. 260 $aLouvain :$bBibliothèque de l'Université,$c1960. 300 $aVII, 450 p. ;$c25 cm. 490 0 $aBibliothèque de la Revue d'histoire ecclésiastique ;$vFascicule35 600 14$aHus, Jan .$0(OLS)http://semarc/subject/2067 830 0$aBibliothèque de la Revue d'histoire ecclésiastique ;$vFascicule35.$0(OLS)http://semarc/title/19830 850 $aSeMil 852 $aSeMil$W1$xVenegono$y1$m2M IV 137$j29526$B29526$CSeMilBibl$Z2$F29529 $81 996 $6245$aHussiana$9(OLS)http://semarc/title/100073 996 $6260$aLouvain :$bBibliothèque de l'Université$9(OLS)http://semarc/publisher/35430 996 $6260$aLouvain :$bPublications Universitaires de Louvain$9(OLS)http://semarc/publisher/33199